| 000 | 00391nam a2200169Ia 4500 | ||
|---|---|---|---|
| 008 | 230524s9999 xx 000 0 und d | ||
| 082 |
_a546 _bSHA |
||
| 100 | _aD.F.Shriver | ||
| 245 | 0 | _aInorganic Chemistry | |
| 250 | _a3RD | ||
| 260 |
_aNEW DELHI _bOxford _c2004 |
||
| 300 | _aXVII;749 | ||
| 500 | _aQuantity Number: 7 | ||
| 650 | _aChemistry | ||
| 700 | _a P.W.Atkins | ||
| 942 | _cBK | ||
| 999 |
_c14341 _d14341 |
||